Hotspots of Subterranean Biodiversity (Record no. 26104)

MARC details
000 -LEADER
fixed length control field 01251nam a2200133Ia 4500
008 - FIXED-LENGTH DATA ELEMENTS--GENERAL INFORMATION
fixed length control field 220620s9999||||xx |||||||||||||| ||und||
020 ## - INTERNATIONAL STANDARD BOOK NUMBER
International Standard Book Number 9783040000000
245 #0 - TITLE STATEMENT
Title Hotspots of Subterranean Biodiversity
546 ## - LANGUAGE NOTE
Language note English[eng]
650 ## - SUBJECT ADDED ENTRY--TOPICAL TERM
Topical term or geographic name entry element α-diversity||biogeography||biospeleology||cave biology||caves||hotspots||invertebrates||subterranean biodiversity||Movile Cave||Romania||chemoautotrophically based||groundwater ecosystem||hotspot caves||Ojo Guareña natural monument||stygobionts||troglobionts||Križna jama||troglobiont||checklist||lava tubes||geology||fauna||paleontology||conservation||Canary Islands||phreatic karst aquifer||stygobite||species richness||temporal dynamics||beta-diversity||hotspot||speleobiology||Postojna-Planina Cave System||Slovenia||basaltic lava flow||cave ecology||arthropods||tropical cave fauna||Bayliss Cave||Psilotum||biodiversity||seamount||ecology||cave||Huanjiang||Guangxi||South China Karst||troglomorphy||karst||stygobiont||hotspot cave||sampling biases||Southeast Asia||cave fauna||troglobitics||arachnids||insects||millipedes||n/a||groundwater||arid zone||mining
700 ## - ADDED ENTRY--PERSONAL NAME
Personal name Pipan, Tanja||Culver, David C.||Deharveng, Louis
856 ## - ELECTRONIC LOCATION AND ACCESS
Uniform Resource Identifier <a href="https://mdpi.com/books/pdfview/book/4752">https://mdpi.com/books/pdfview/book/4752</a>
942 ## - ADDED ENTRY ELEMENTS (KOHA)
Koha item type E-Books
Holdings
Withdrawn status Lost status Damaged status Not for loan Home library Current library Date acquired Total Checkouts Date last seen Price effective from Koha item type
        Kerala University of Digital Sciences, Innovation and Technology Knowledge Centre Kerala University of Digital Sciences, Innovation and Technology Knowledge Centre 20/06/2022   20/06/2022 20/06/2022 E-Books